00354pab a2200121 454500008004000000100002800040245008400068260000900152300001500161362000800176650001400184773003400198180718b2010 xxu||||| |||| 00| 0 eng d aBanwart, Mary Christine aGender and candidate communication: Effects of stereotypes in the 2008 election c2010 ap.265-283. aNov aElections aAmerican Behavioral Scientist